| 000 | 00701pam a2200229 a 4500 | ||
|---|---|---|---|
| 001 | 4361607 | ||
| 005 | 20180302033751.0 | ||
| 008 | 900103s1990 nyua b 001 0 eng | ||
| 010 | _a 90030083 | ||
| 020 | _a0471880450 | ||
| 040 |
_aDLC _cDLC _dDLC |
||
| 041 | _aeng | ||
| 080 | _a681.2 | ||
| 082 | 0 | 0 |
_a681.2 NACH _220 |
| 100 | _a27 | ||
| 101 | _aMEK | ||
| 245 | 0 | 0 |
_aInstrumentation and control : _cedited by Chester L. Nachtigal. |
| 504 | _aIncludes bibliographical references and index. | ||
| 906 |
_a7 _bcbc _corignew _d1 _eocip _f19 _gy-gencatlg |
||
| 942 |
_2ddc _cBK |
||
| 999 |
_c43926 _d43926 |
||